000 00883nam a2200253 i 4500
001 8686
003 ES-MaACL
005 20240623062954.0
007 t|
008 920821s1990 sp ||||1| spa d
020 _a84-7785-053-4
080 _a86-14"19"
080 _a86(Hinojosa,J.M.3.01)
100 1 _aHinojosa, José María,
_d1904-1936
_963772
245 1 0 _aJosé María Hinojosa /
_cintroducción, selección y bio-bibliografía de Alfonso Sánchez Rodríguez.
260 _aMálaga :
_bCentro Cultural de la Generación del 27,
_cD.L. 1990.
300 _a28 p. :
_bretrato del autor ;
_c22 cm.
490 1 _aLa ola gratinada ;
_v6
700 1 _aSánchez Rodríguez, Alfonso.
_9102885
710 2 _aCentro Cultural Generación del 27.
_92582
830 0 _aLa ola gratinada ;
_v6
_9178241
852 _aES-MaACL
_j2145-F-24
_bR.119262
999 _c8686
_d8686